000 00631nam a2200241 i 4500
001 C2-0038548
003 PPAK
005 20190630222053.0
008 970222s1985 enka|||| ||||| | eng d
020 _a0435122967
040 _aPPAK
_beng
_cPPAK
_erda
082 0 4 _a823
_223
090 0 0 _a823
_bHOB
_dK
100 1 _aHoban, Russell,
_eauthor
245 1 4 _aThe mouse and his child
264 1 _aOxford :
_bHeinemann ,
_c1985
300 _a199 pages :
_billustrations ;
_c19 cm
336 _2rdacontent
_atext
337 _2rdamedia
_aunmediated
338 _2rdacarrier
_avolume
650 1 0 _aEnglish fiction
942 _ddc
_cB
999 _c6560
_d6560